1798 1449 1920 1969 1955 1953 1905 1791 1942 1257 1394 1636 1457 1548 1079 1704 1864 1673 1862 1331 1879 1203 1621 1146 1630 1070 1518 1528 1227 1090 1079 1184 1948 1726 1499 1625 1339 1161 1823 1524 1712 1477 1300 1206 1081 1834 1090 1102 1876 1848 1886 1753 1301 1185 1222 1576 1302 1164 1057 1129 1667 1299 1981 1797 1230 1230 1117 1340 1898 1543 1233 1054 1172 1138 1590 1369 1229 1014 1069 1065 1455 1414 1279 1992 1279 1296 1653 1048 1570 1054 1453 1416 1091 1893 1241 1459 1254 1269 1627 BCNSPRNW ULIB Ver.6.0+V

เปลี่ยนเป็นภาษาไทย

Change to English
 แสดงรายละเอียดบรรณานุกรม
  กลับหน้าหลัก

Brief Record : Get Marc (ISO 2709) : E-mail record : QR code < ปิดหน้าต่าง
LEADER : 00000nam 2200000uu 4500
001    13399128953
003     ULIB
008    241101s2564||||th 000 0 tha d
020    ^a9786165779784
050  4 ^aLB1025.3^bส928ช
100 0  ^aเสรี พงศ์พิศ
245 10 ^aชีวิตที่พอเพียง /^cเสรี พงศ์พิศ
250    ^aพิมพ์ครั้งที่ 1
260    ^aปทุมธานี :^bเจริญวิทย์การพิมพ์,^c2564
300    ^a158 หน้า ;^c19 ซม.
650  4 ^aเศรษฐกิจพอเพียง^xการศึกษาและการสอน
650  4 ^aความคิดและการคิด
650  4 ^aการเรียนรู้
650  4 ^aระบบการเรียนการสอน
650  4 ^aการสอน
945    ^p150^l0^i30355
945    ^p150^l0^i30356
945    ^p150^l0^i30357
945    ^p150^l0^i30358
945    ^p150^l0^i30359
945    ^p150^l0^i30360
945    ^p150^l0^i30361
999    ^aกัณชพร จุลอักษร
รายการนี้ยังไม่มีแท็ก
คุณยังไม่ได้ล็อกอิน คุณสามารถมีกิจกรรมร่วมกับเว็บไซต์ได้ แต่ต้องล็อกอินก่อน ::
  ล็อกอิน

รายการสื่อสารสนเทศ

ลำดับที่ ประเภท เลขเรียก/บาร์โค้ด สถานที่ สถานะ
1. หนังสือสำรอง
หนังสือสำรอง
LB1025.3 ส928ช ฉ.1 
  Barcode: 30355
ห้องสมุดวิทยาเขตนครสวรรค์
►หนังสือทั่วไป:l:General Books
บนชั้น
2. วิทยาศาสตร์การแพทย์ และสุขภาพ
วิทยาศาสตร์การแพทย์ และสุขภาพ
LB1025.3 ส928ช ฉ.2 
  Barcode: 30356
ห้องสมุดวิทยาเขตนครสวรรค์
►หนังสือทั่วไป:l:General Books
บนชั้น
3. วิทยาศาสตร์การแพทย์ และสุขภาพ
วิทยาศาสตร์การแพทย์ และสุขภาพ
LB1025.3 ส928ช ฉ.3 
  Barcode: 30357
ห้องสมุดวิทยาเขตนครสวรรค์
►หนังสือทั่วไป:l:General Books
บนชั้น
4. วิทยาศาสตร์การแพทย์ และสุขภาพ
วิทยาศาสตร์การแพทย์ และสุขภาพ
LB1025.3 ส928ช ฉ.4 
  Barcode: 30358
ห้องสมุดวิทยาเขตนครสวรรค์
►หนังสือทั่วไป:l:General Books
บนชั้น
5. วิทยาศาสตร์การแพทย์ และสุขภาพ
วิทยาศาสตร์การแพทย์ และสุขภาพ
LB1025.3 ส928ช ฉ.5 
  Barcode: 30359
ห้องสมุดวิทยาเขตนครสวรรค์
►หนังสือทั่วไป:l:General Books
บนชั้น
6. วิทยาศาสตร์การแพทย์ และสุขภาพ
วิทยาศาสตร์การแพทย์ และสุขภาพ
LB1025.3 ส928ช ฉ.6 
  Barcode: 30360
ห้องสมุดวิทยาเขตนครสวรรค์
►หนังสือทั่วไป:l:General Books
บนชั้น
7. วิทยาศาสตร์การแพทย์ และสุขภาพ
วิทยาศาสตร์การแพทย์ และสุขภาพ
LB1025.3 ส928ช ฉ.7 
  Barcode: 30361
ห้องสมุดวิทยาเขตนครสวรรค์
►หนังสือทั่วไป:l:General Books
บนชั้น

รายการใกล้เคียง
    ผู้แต่ง [เสรี พงศ์พิศ]

    หัวเรื่อง [ความคิดและการคิด]
    หัวเรื่อง [การเรียนรู้]
    หัวเรื่อง [ระบบการเรียนการสอน]
    หัวเรื่อง [การสอน]

BibComment


ยังไม่เคยถูกคอมเมนท์

คอมเมนท์ทรัพยากรรายการนี้
  คอมเมนท์: ชีวิตที่พอเพียง ..


 Copyright 2026. Bcnsprnw @Library